000 00729nam a22002057a 4500
005 20100820111953.0
010 _aENG-101041
020 _a8120908228
_c595.00
035 _aEN-84574
037 _bDBAD/PUB
082 _a570
100 _aRastogi, Veer Bala
_916614
245 _aA complete course in ISC biology :
_bfor class XI /
_cby Veer Bala Rastogi
260 _aNew Delhi
_bPitambar Publishing Company
_c2009
270 _a888, East Park Road, Karol Bagh
_bNew Delhi
_e110005
300 _av.1 (various pagings) :
_bill.
_c24cm (pbk)
650 _aBiology
_916615
942 _2ddc
_cEN
_h570
_mRAS
999 _c42663
_d42663